| Tag |
First Indicator |
Second Indicator |
Subfields |
| LEADER |
00000pam a2200000 i 4500 |
| 001 |
in00000504113 |
| 005 |
20151013061410.0 |
| 008 |
760302s1976 nyua b 10110 eng |
| 010 |
|
|
|a 76007006
|
| 020 |
|
|
|a 0306390701
|
| 035 |
|
|
|a (OCoLC)02089675
|
| 035 |
|
|
|9 ACD0316AM
|
| 040 |
|
|
|a DLC
|c DLC
|d TXA
|d UtOrBLW
|
| 049 |
|
|
|a TXAM
|c [439937]
|
| 050 |
0 |
0 |
|a QP552.K5
|b S95 1975
|
| 082 |
0 |
|
|a 574.3/1
|
| 111 |
2 |
|
|a Symposium on Vasopeptides
|d (1975 :
|c Fiesole, Italy)
|
| 245 |
1 |
0 |
|a Kinins :
|b pharmacodynamics and biological roles : [proceedings] /
|c edited by F. Sicuteri, Nathan Back and G. L. Haberland.
|
| 264 |
|
1 |
|a New York :
|b Plenum Press,
|c [1976]
|
| 264 |
|
4 |
|c ©1976
|
| 300 |
|
|
|a xi, 398 pages :
|b illustrations ;
|c 26 cm.
|
| 336 |
|
|
|a text
|b txt
|2 rdacontent
|
| 337 |
|
|
|a unmediated
|b n
|2 rdamedia
|
| 338 |
|
|
|a volume
|b nc
|2 rdacarrier
|
| 490 |
1 |
|
|a Advances in experimental medicine and biology ;
|v v. 70
|
| 504 |
|
|
|a Includes bibliographical references and indexes.
|
| 650 |
|
0 |
|a Kinins
|x Congresses.
|
| 700 |
1 |
|
|a Sicuteri, Federigo,
|d 1920-
|
| 700 |
1 |
|
|a Back, Nathan.
|
| 700 |
1 |
|
|a Haberland, G. L.
|
| 830 |
|
0 |
|a Advances in experimental medicine and biology ;
|v v. 70.
|
| 999 |
|
|
|a MARS
|
| 999 |
f |
f |
|s d604f6cf-e401-3e5a-9edc-97d0dff6556c
|i b9e8b1a3-8b62-3839-8514-733f8509db18
|t 0
|
| 952 |
f |
f |
|p ric
|a Texas A&M University
|b Rellis Campus
|c Joint Library Facility
|d Remote Storage
|t 0
|e QP552.K5 S95 1975
|h Library of Congress classification
|i unmediated -- volume
|m A14805024145
|
| 998 |
f |
f |
|a QP552.K5 S95 1975
|t 0
|l Remote Storage
|